Statistics for Biggest City by Region

Click here to take the quiz!

General Stats

  • This quiz has been taken 17,155 times
  • The average score is 12 of 24

Answer Stats

Region City % Correct
Latin AmericaMexico City
88%
ScandinaviaStockholm
81%
CataloniaBarcelona
76%
BavariaMunich
75%
WalesCardiff
74%
New EnglandBoston
67%
JavaJakarta
66%
BeneluxAmsterdam
58%
Baltic StatesRiga
57%
Arabian PeninsulaRiyadh
56%
SicilyPalermo
51%
Nile DeltaAlexandria
51%
Sub-Saharan AfricaLagos
51%
QueenslandBrisbane
47%
South Island, NZChristchurch
43%
YorkshireLeeds
41%
Central AmericaGuatemala City
41%
CaribbeanSanto Domingo
36%
HokkaidoSapporo
34%
Amazon RainforestManaus
32%
CrimeaSevastopol
25%
SiberiaNovosibirsk
18%
NormandyRouen
14%
RajasthanJaipur
12%

Score Distribution

Percentile by Number Answered

Percent of People with Each Score

Your Score History

You have not taken this quiz